[Event "Hammam Sousse Sahel Festival Blitz"]
[Site "Hammam Sousse"]
[Date "2019.04.21"]
[Round "7.6"]
[White "Ben Ghanem, Hamed"]
[Black "Chelly, Hichem"]
[Result "1-0"]
[WhiteElo "1956"]
[BlackElo "1915"]
[PlyCount "92"]
[EventDate "2019.04.21"]
[EventType "swiss (blitz)"]
[EventRounds "7"]
[EventCountry "TUN"]
[SourceTitle "EXT 2024"]
[Source "ChessBase"]
[SourceDate "2023.10.10"]
[SourceVersion "1"]
[SourceVersionDate "2023.10.10"]
[SourceQuality "1"]

1. d4 d5 2. Bf4 Nf6 3. e3 Bf5 4. Nf3 e6 5. Nbd2 Bd6 6. Bg3 0-0 7. c4 c6 8. Qb3 Bxg3 9. hxg3 Qb6 10. c5 Qc7 11. Nh4 Be4 12. f3 Qxg3+ 13. Ke2 Bf5 14. Qxb7 Nbd7 15. Qxc6 Rfc8 16. Qa6 Rab8 17. b3 Rc7 18. Nxf5 exf5 19. Rh3 Qg6 20. Kf2 Ng4+ 21. fxg4 Qxa6 22. Bxa6 fxg4 23. Rh4 f5 24. Rah1 h6 25. Bd3 Rf8 26. g3 Nf6 27. Ke2 Nh7 28. Rf1 Rcf7 29. b4 Ng5 30. b5 Nh3 31. Rh5 Ng5 32. c6 Kh7 33. a4 g6 34. Rh2 Kg7 35. a5 Re8 36. Rb1 Rfe7 37. Nf1 Nf3 38. b6 axb6 39. axb6 Nxd4+ 40. Kd2 Nxc6 41. Bb5 Rc8 42. Rc1 Re6 43. b7 Rc7 44. Rxc6 Rexc6 45. Bxc6 Rxc6 46. b8Q Rc7 1-0

[Event "Hammam Sousse Sahel Festival Blitz"]
[Site "Hammam Sousse"]
[Date "2019.04.21"]
[Round "5.6"]
[White "Zaydia, Marwen"]
[Black "Chelly, Hichem"]
[Result "1-0"]
[WhiteElo "2041"]
[BlackElo "1915"]
[PlyCount "73"]
[EventDate "2019.04.21"]
[EventType "swiss (blitz)"]
[EventRounds "7"]
[EventCountry "TUN"]
[SourceTitle "EXT 2024"]
[Source "ChessBase"]
[SourceDate "2023.10.10"]
[SourceVersion "1"]
[SourceVersionDate "2023.10.10"]
[SourceQuality "1"]

1. d4 d5 2. Nf3 Nf6 3. c4 c6 4. Qc2 e6 5. g3 g6 6. Bg2 Bg7 7. 0-0 0-0 8. Nbd2 Nbd7 9. b3 Re8 10. Bb2 b6 11. Ne5 Bb7 12. h3 Nxe5 13. dxe5 Nd7 14. f4 Rc8 15. Rac1 Nc5 16. Rfd1 Na6 17. a3 Nc5 18. b4 Nd7 19. e4 Qe7 20. Qb3 dxc4 21. Nxc4 Red8 22. Nd6 Rb8 23. Nxb7 Rxb7 24. Rxc6 h6 25. Rcd6 Kh7 26. Bf1 Rbb8 27. Bb5 Nf8 28. Qd3 Qc7 29. Rxd8 Rxd8 30. Qxd8 Qc2 31. Qd2 Qxe4 32. Qd3 Qb7 33. Kf2 a6 34. Ba4 b5 35. Bc2 h5 36. Qf3 Kh6 37. Qxb7 1-0

[Event "TUN-ch"]
[Site "Hammamet"]
[Date "2013.03.18"]
[Round "4"]
[White "Hamzi, Sofiene"]
[Black "Chelly, Hichem"]
[Result "0-1"]
[WhiteElo "1774"]
[BlackElo "1805"]
[PlyCount "68"]
[EventDate "2013.03.16"]
[EventType "swiss"]
[EventRounds "9"]
[EventCountry "TUN"]
[SourceTitle "CBM 153 Extra"]
[Source "ChessBase"]
[SourceDate "2013.04.22"]
[SourceVersion "1"]
[SourceVersionDate "2013.04.22"]
[SourceQuality "1"]

1. e4 e6 2. d3 d5 3. Nd2 c5 4. Ngf3 Nc6 5. g3 Nf6 6. Bg2 Bd6 7. 0-0 0-0 8. Re1 Bc7 9. c3 d4 10. c4 e5 11. Nf1 h6 12. h3 a5 13. a3 a4 14. Bd2 Bd7 15. b3 axb3 16. Qxb3 Qc8 17. Kh2 Re8 18. Reb1 Na5 19. Bxa5 Bxa5 20. a4 Bc3 21. Ra2 Ra7 22. Ng1 Qa8 23. Ne2 Bxa4 24. Qb6 Nd7 25. Qd6 Re6 26. Qc7 Ba5 27. Qxa5 Rxa5 28. f4 Rea6 29. fxe5 Nxe5 30. Nf4 Bc6 31. Rab2 Ra1 32. Nd5 Rxb1 33. Rxb1 Ra2 34. h4 Rxg2+ 0-1

[Event "TUN-ch"]
[Site "Hammamet"]
[Date "2013.03.16"]
[Round "1"]
[White "Chelly, Hichem"]
[Black "Chamam, Nazih"]
[Result "0-1"]
[WhiteElo "1805"]
[BlackElo "2006"]
[PlyCount "98"]
[EventDate "2013.03.16"]
[EventType "swiss"]
[EventRounds "9"]
[EventCountry "TUN"]
[SourceTitle "CBM 153 Extra"]
[Source "ChessBase"]
[SourceDate "2013.04.22"]
[SourceVersion "1"]
[SourceVersionDate "2013.04.22"]
[SourceQuality "1"]

1. d4 Nf6 2. c4 g6 3. Nc3 d5 4. e3 Bg7 5. cxd5 Nxd5 6. Qb3 Nxc3 7. bxc3 0-0 8. Nf3 c5 9. Ba3 cxd4 10. cxd4 Nc6 11. Be2 Qa5+ 12. Nd2 Bxd4 13. Rc1 Be6 14. Qd3 Bb6 15. Bb2 Rfd8 16. Qc3 Qxc3 17. Bxc3 Bxa2 18. 0-0 Be6 19. Bf3 Bd5 20. Bg4 f5 21. Be2 Ba5 22. Bxa5 Nxa5 23. Nf3 Rac8 24. Ra1 b6 25. Nd4 Bc4 26. Bxc4+ Rxc4 27. h3 e5 28. Ne6 Rd6 29. Ng5 e4 30. Rfd1 Rcc6 31. Rxd6 Rxd6 32. Rc1 Nc6 33. h4 a5 34. Rb1 Nb4 35. Rc1 Rc6 36. Rb1 Nd3 37. Kf1 a4 38. Ke2 h6 39. Nh3 a3 40. Kd2 a2 41. Ra1 Nc1 42. Kd1 b5 43. Nf4 b4 44. Nxg6 Rc5 45. Ne7+ Kf7 46. Nxf5 b3 47. Nd6+ Kf8 48. Nxe4 Rc6 49. Nd2 b2 0-1